Winx de A-Z - Statistiques

Statistiques générales
  • Ce quiz a été pris 1 472 fois
  • Le résultat moyen est 15 sur 26
Statistiques - réponses
Lettre Indice Réponse % Correct
B Fée de la Flamme du Dragon Bloom
99%
F Fée de la Nature Flora
97%
M Fée de la Musique Musa
96%
S Fée de la Lune et du Soleil Stella
95%
W Nom du Groupe des 7 Personnages Principaux Winx
89%
L Fée des Fluides Layla
88%
T Fée de la Technologie Tecna
88%
I Cheffe des Trix Icy
87%
E Transformation décrite comme la plus puissante Enchantix
81%
R Fée des Animaux Roxy
81%
K Petit Lapin Bleu de B Kiko
80%
H Petit Ami de F Hélia
79%
D Nymphe de Sirenix Daphné
78%
N Défunt Fiancé de L Nabu
75%
V Démon possédant une Étincelle de la Flamme du Dragon Valtor
62%
P Mini-Fée de L Piff
46%
C Fille de la Comtesse Cassandra Chimera
41%
O Chef des Sorciers du Cercle Noir Ogron
41%
G Membre des Sorciers du Cercle Noir Gantlos
23%
A Princesse de Downland, Ancienne Fiancée de Brandon Amentia
18%
U U_ _ _ _ _ _ de L _ _ _ _ _ _. Sort Believix de S Univers de Lumière
10%
Z Professeure à la Tour Nuage, Soeur d'Ediltrude Zarathustra
6%
Y Une des Talents de Wow, douée dans les Arts Martiaux Yu
3%
X Plante Utilisée par les Fées des Algues pour créer leurs Maisons Bulles Xilith
2%
J Fils du Capitaine Crochet, un des Antagonistes de WoW Jim Crochet
1%
Q Rockstar Mini-Fée Male Quentin Quake
1%
Aucun quiz correspondant
Distribution des résultats
% des personnes avec chaque résultat
Percentile par nombre de réponses
Votre historique - résultats
Vous n’avez pas pris ce quiz